Jimmy Carter Trivia - Statistics

General Stats
  • This quiz has been taken 31 times
  • The average score is 9 of 10
Answer Stats
# Questions Answer % Correct
2 Carter died recently. What age did he die at? 100
100%
9 Who served as president after Carter? Ronald Reagan
100%
3 What US state was Carter born in? Georgia
96%
8 Who served as president before Carter? Gerald Ford
96%
5 What type of plants did Carter grow? peanut
96%
7 What political party did Carter belong to? Democratic
92%
10 Carter boycotted these games because they were held inthe USSR (Soviet Union) Olympics
92%
4 What is Jimmy's real name? James
88%
1 Who was Carter's vice president Walter Mondale
77%
6 Besides politician, name one of the two jobs Carter had Humanitarian/Author/Navy
12%
No matching quizzes found
Score Distribution
Percent of People with Each Score
Percentile by Number Answered
Your Score History
You have not taken this quiz